000 00287nam a22001217a 4500
008 180420b xxu||||| |||| 00| 0 eng d
041 _aeng
080 _a043.3
100 _a0
101 _aSHKI-BTH
245 _aZhvillimi i ueb-aplikacionit-Anketa Online
_cOsmani, A
942 _2udc
_cBK
999 _c45321
_d45321